000 00617nam a2200229Ia 4500
003 OSt
005 20220918201424.0
006 a|||||r|||| 00| 0
007 ta
008 220917b |||||||| |||| 00| 0 eng d
024 _a93,842
037 _cTextual
040 _aARTS
_cARTS
_beng
041 _2eng
_aeng
082 _aV1-52:1:D, L3
100 _aWatson V
_998712
245 0 _aBritish museum
_b its antiquities and civilizations from prehistory to the of the Roman Empire
260 _c1973
650 _aHISTORY
942 _hV1-52:1:D, L3
_cTEXL
_2CC
999 _c217484
_d217484